000
00294nam a2200133Ia 4500
008
190216s9999||||xx |||||||||||||| ||und||
100
_a
Gupta Shrma
245
0
_a
Linear Algebra
250
_a
1st Ed.
260
_b
S Chand & Co
_c
1982
300
_a
424p
650
_a
Mathematics
942
_c
BK
999
_c
30991
_d
30991